[Event "Arco op 45th"]
[Site "Arco"]
[Date "2023.10.09"]
[Round "3"]
[White "Haase, Georg"]
[Black "Ager, Josef"]
[Result "0-1"]
[WhiteElo "1772"]
[BlackElo "1974"]
[PlyCount "60"]
[EventDate "2023.10.07"]
[EventType "swiss"]
[EventRounds "9"]
[EventCountry "ITA"]
[SourceTitle "Mega2024 Update 01"]
[Source "Chessbase"]
[SourceDate "2023.11.12"]
[SourceVersion "1"]
[SourceVersionDate "2023.11.12"]
[SourceQuality "1"]

1. e4 Nf6 2. d3 d5 3. e5 Nfd7 4. d4 c5 5. c3 Nc6 6. Nf3 e6 7. a3 f6 8. Bd3 fxe5 9. Nxe5 Ndxe5 10. dxe5 Nxe5 11. Qh5+ Nf7 12. 0-0 g6 13. Qe2 a6 14. b4 c4 15. Bc2 Bg7 16. Bb2 0-0 17. f4 Re8 18. Nd2 e5 19. fxe5 Nxe5 20. Rae1 Bd7 21. Qf2 Bc6 22. Qg3 Qd7 23. h4 Qg4 24. Qxg4 Nxg4 25. Nf3 a5 26. Nd4 axb4 27. axb4 Ra2 28. Rxe8+ Bxe8 29. Ne6 Rxb2 30. Nxg7 Kxg7 0-1

[Event "Arco op 45th"]
[Site "Arco"]
[Date "2023.10.08"]
[Round "2"]
[White "Ager, Josef"]
[Black "Boder, Jan"]
[Result "0-1"]
[WhiteElo "1974"]
[BlackElo "2286"]
[PlyCount "72"]
[EventDate "2023.10.07"]
[EventType "swiss"]
[EventRounds "9"]
[EventCountry "ITA"]
[SourceTitle "Mega2024 Update 01"]
[Source "Chessbase"]
[SourceDate "2023.11.12"]
[SourceVersion "1"]
[SourceVersionDate "2023.11.12"]
[SourceQuality "1"]

1. d4 Nf6 2. c4 c5 3. d5 b5 4. Nd2 Qa5 5. e4 Nxe4 6. b4 Qxb4 7. Rb1 Qc3 8. Rb3 Qd4 9. Nxe4 Qxe4+ 10. Re3 Qd4 11. Qc2 bxc4 12. Bxc4 Ba6 13. Re4 Qf6 14. Nf3 Bxc4 15. Qxc4 Qa6 16. Qxc5 d6 17. Qc2 Nd7 18. Ra4 Qb5 19. Rxa7 Rd8 20. Qc6 Qxc6 21. dxc6 Nc5 22. Be3 Rc8 23. Bxc5 dxc5 24. Ra6 h5 25. 0-0 Rh6 26. Rb1 Rd6 27. Ng5 f6 28. Ne4 Rdxc6 29. Rxc6 Rxc6 30. Rb8+ Kf7 31. Rb7 c4 32. Nc3 g6 33. a4 Bh6 34. Rb2 Bf4 35. Kf1 Be5 36. Rc2 Ra6 0-1

[Event "AUT-ch"]
[Site "Vienna"]
[Date "2023.07.22"]
[Round "1"]
[White "Bilous, Mykhailo"]
[Black "Ager, Josef"]
[Result "1-0"]
[WhiteElo "2392"]
[BlackElo "2042"]
[PlyCount "75"]
[EventDate "2023.07.22"]
[EventType "swiss"]
[EventRounds "9"]
[EventCountry "AUT"]
[SourceTitle "CBM 215 Extra"]
[Source "ChessBase"]
[SourceDate "2023.09.30"]
[SourceVersion "1"]
[SourceVersionDate "2023.09.30"]
[SourceQuality "1"]

1. d4 Nf6 2. c4 g6 3. Nc3 Bg7 4. e4 d6 5. f3 0-0 6. Be3 c5 7. Nge2 Nc6 8. d5 Ne5 9. Ng3 e6 10. Be2 exd5 11. cxd5 h5 12. 0-0 h4 13. Nh1 h3 14. g3 b5 15. Nxb5 Rb8 16. Rb1 Qe7 17. Nc3 Re8 18. Nf2 Rb4 19. a3 Rb8 20. Re1 Qd8 21. Bf1 Qa5 22. Bd2 Qc7 23. Bg5 Nh7 24. Be3 f5 25. Nxh3 fxe4 26. Nxe4 Bf5 27. Nhf2 Rb7 28. Bd2 Rf8 29. f4 Nf7 30. Qc2 Qd7 31. Bc3 Bxc3 32. bxc3 Rxb1 33. Qxb1 g5 34. Bd3 gxf4 35. Nxc5 Bxd3 36. Nxd7 Bxb1 37. Nxf8 fxg3 38. hxg3 1-0

[Event "Arco Christmas op 12th"]
[Site "Arco"]
[Date "2022.12.30"]
[Round "7"]
[White "Ager, Josef"]
[Black "Buglisi, Massimo"]
[Result "1/2-1/2"]
[WhiteElo "2084"]
[BlackElo "1930"]
[PlyCount "27"]
[EventDate "2022.12.26"]
[EventType "swiss"]
[EventRounds "7"]
[EventCountry "ITA"]
[SourceTitle "CBM 212 Extra"]
[Source "ChessBase"]
[SourceDate "2023.03.31"]
[SourceVersion "1"]
[SourceVersionDate "2023.03.31"]
[SourceQuality "1"]

1. Nf3 Nf6 2. g3 g6 3. b3 Bg7 4. Bb2 0-0 5. Bg2 d6 6. d4 e5 7. dxe5 Ng4 8. Nbd2 Nxe5 9. Rb1 Nbc6 10. 0-0 a5 11. Nd4 Nxd4 12. Bxd4 a4 13. b4 a3 14. Nb3 1/2-1/2

[Event "Mittelfranken Landesliga Sued 2122"]
[Site "Mittelfranken"]
[Date "2022.06.26"]
[Round "3.3"]
[White "Ager, Josef"]
[Black "Sargin, Anatol"]
[Result "1/2-1/2"]
[WhiteElo "2089"]
[BlackElo "2047"]
[PlyCount "83"]
[EventDate "2021.10.24"]
[EventType "team-tourn"]
[EventRounds "9"]
[EventCountry "GER"]
[SourceTitle "EXT 2024"]
[Source "ChessBase"]
[SourceDate "2023.10.10"]
[SourceVersion "1"]
[SourceVersionDate "2023.10.10"]
[SourceQuality "1"]
[WhiteTeam "Rottal Inn"]
[BlackTeam "Unterhaching"]
[WhiteTeamCountry "GER"]
[BlackTeamCountry "GER"]

1. c4 e6 2. g3 d5 3. Bg2 Nf6 4. Nf3 Be7 5. 0-0 0-0 6. Qc2 b6 7. d4 Bb7 8. Nbd2 Nbd7 9. Rd1 Re8 10. cxd5 exd5 11. Ne5 Bd6 12. f4 c5 13. e3 Rc8 14. Qf5 cxd4 15. exd4 Nf8 16. Ndf3 Rc7 17. Qd3 Qc8 18. Bd2 Ne4 19. Qb3 Ne6 20. Bb4 Bxb4 21. Qxb4 f6 22. Nd3 Rc4 23. Qa3 Nxd4 24. Nxd4 Rxd4 25. Rac1 Qg4 26. Qxa7 Qe2 27. Re1 Qxd3 28. Qxb7 Qd2 29. Qxb6 Qf2+ 30. Kh1 h5 31. Bxe4 Rexe4 32. Rxe4 dxe4 33. Qe6+ Kh7 34. Qh3 Qf3+ 35. Qg2 Qe3 36. Qg1 Qd2 37. Qe1 Qxb2 38. Rd1 Rxd1 39. Qxd1 Qxa2 40. Qxh5+ Kg8 41. Qe8+ Kh7 42. Qxe4+ 1/2-1/2

[Event "AUT-chT2W 2122"]
[Site "Austria"]
[Date "2022.06.05"]
[Round "8.6"]
[White "Moroder, Stefan"]
[Black "Ager, Josef"]
[Result "1-0"]
[WhiteElo "2305"]
[BlackElo "2143"]
[PlyCount "24"]
[EventDate "2021.10.15"]
[EventType "team-tourn"]
[EventRounds "11"]
[EventCountry "AUT"]
[SourceTitle "EXT 2023"]
[Source "ChessBase"]
[SourceDate "2022.10.05"]
[SourceVersion "1"]
[SourceVersionDate "2022.10.05"]
[SourceQuality "1"]
[WhiteTeam "Rochade Rum"]
[BlackTeam "Ranshofen"]
[WhiteTeamCountry "AUT"]
[BlackTeamCountry "AUT"]

1. d4 Nf6 2. c4 g6 3. Nc3 Bg7 4. e4 d6 5. h3 Na6 6. Be3 0-0 7. Nf3 c5 8. Be2 cxd4 9. Nxd4 Nc5 10. Qc2 Ne6 11. Nb3 Nd7 12. 0-0 b6 1-0

[Event "Mittelfranken Landesliga Sued 2122"]
[Site "Mittelfranken"]
[Date "2021.11.14"]
[Round "2.2"]
[White "Ager, Josef"]
[Black "Ciaffone, Daniel"]
[Result "0-1"]
[WhiteElo "2089"]
[BlackElo "2139"]
[PlyCount "122"]
[EventDate "2021.10.24"]
[EventType "team-tourn"]
[EventRounds "9"]
[EventCountry "GER"]
[SourceTitle "EXT 2024"]
[Source "ChessBase"]
[SourceDate "2023.10.10"]
[SourceVersion "1"]
[SourceVersionDate "2023.10.10"]
[SourceQuality "1"]
[WhiteTeam "Rottal Inn"]
[BlackTeam "Bayern Muenchen III"]
[WhiteTeamCountry "GER"]
[BlackTeamCountry "GER"]

1. Nf3 d5 2. g3 c5 3. Bg2 Nc6 4. d4 e6 5. 0-0 Nf6 6. c4 Be7 7. Nc3 0-0 8. Bf4 cxd4 9. Nxd4 Qb6 10. Nxc6 bxc6 11. b3 Ba6 12. Na4 Qa5 13. Bd2 Bb4 14. Bxb4 Qxb4 15. a3 Qe7 16. c5 Nd7 17. b4 Rfb8 18. Qc2 f5 19. Rfb1 Qf6 20. Nb2 h5 21. Nd3 h4 22. Qd2 hxg3 23. hxg3 Qd4 24. Qf4 Qxf4 25. Nxf4 Kf7 26. Nd3 Bxd3 27. exd3 a5 28. b5 Rxb5 29. Rxb5 cxb5 30. d4 Nb8 31. Rb1 Nc6 32. Rxb5 Nxd4 33. Rb7+ Kf6 34. Rb6 Rc8 35. Bxd5 Rxc5 36. Bb7 Rb5 37. Rxb5 Nxb5 38. a4 Nc3 39. Bc6 Ke5 40. f4+ Kd6 41. Be8 Ne4 42. Kg2 Nf6 43. Bb5 Kd5 44. Kf3 Kd4 45. Bc6 Ng4 46. Bb5 Nf6 47. Bc6 Ne4 48. g4 fxg4+ 49. Kxg4 Ke3 50. f5 e5 51. Bb5 Nd6 52. Kg5 Kd4 53. Be2 Ke3 54. Bg4 e4 55. f6 gxf6+ 56. Kxf6 Kd4 57. Ke6 Nc4 58. Bd1 e3 59. Kd7 Nb2 60. Be2 Nxa4 61. Kc6 Nc3 0-1

[Event "Landesliga Sued 1920"]
[Site "Bayern"]
[Date "2020.09.13"]
[Round "8.2"]
[White "Hoy, Bernd"]
[Black "Ager, Josef"]
[Result "1-0"]
[WhiteElo "2177"]
[BlackElo "2142"]
[PlyCount "73"]
[EventDate "2019.09.29"]
[EventType "team-tourn"]
[EventRounds "9"]
[EventCountry "GER"]
[SourceTitle "EXT 2022"]
[Source "ChessBase"]
[SourceDate "2021.10.06"]
[SourceVersion "1"]
[SourceVersionDate "2021.10.06"]
[SourceQuality "1"]
[WhiteTeam "Groebenzell"]
[BlackTeam "Rottal Inn"]
[WhiteTeamCountry "GER"]
[BlackTeamCountry "GER"]

1. e4 e5 2. Nf3 Nc6 3. Bb5 Nf6 4. d3 Bc5 5. 0-0 d6 6. c3 Bb6 7. h3 h6 8. Re1 0-0 9. d4 exd4 10. cxd4 d5 11. e5 Ne4 12. Nc3 Bf5 13. Be3 Ne7 14. Nd2 c6 15. Ndxe4 dxe4 16. Bc4 Bg6 17. Qg4 Qc8 18. Qh4 Bd8 19. Qf4 Qf5 20. Qg3 b5 21. Be2 Qd7 22. Bg4 Nf5 23. Qf4 Bg5 24. Qxe4 b4 25. Ne2 Bxe3 26. fxe3 h5 27. Bxf5 Bxf5 28. Qf3 g6 29. Rac1 Rac8 30. Rc5 Bd3 31. Nf4 Bb5 32. Qe4 Qe8 33. e6 f5 34. Qe5 Kh7 35. Rec1 Ba6 36. d5 cxd5 37. Rc7+ 1-0

[Event "WchT Seniors 65"]
[Site "Prague"]
[Date "2020.03.10"]
[Round "5.5"]
[White "Maryasin, Boris Feliksovich"]
[Black "Ager, Josef"]
[Result "1-0"]
[WhiteElo "2305"]
[BlackElo "2139"]
[PlyCount "71"]
[EventDate "2020.03.06"]
[EventType "team-swiss"]
[EventRounds "7"]
[EventCountry "CZE"]
[SourceTitle "CBM 195 Extra"]
[Source "ChessBase"]
[SourceDate "2020.05.31"]
[SourceVersion "1"]
[SourceVersionDate "2020.05.31"]
[SourceQuality "1"]
[WhiteTeam "Israel 65"]
[BlackTeam "Austria 65"]
[WhiteTeamCountry "ISR"]
[BlackTeamCountry "AUT"]

1. e4 e5 2. Nf3 Nc6 3. Nc3 Nf6 4. Bb5 Bb4 5. 0-0 0-0 6. d3 d6 7. Ne2 Ne7 8. c3 Ba5 9. d4 c6 10. Bd3 Bc7 11. Ng3 Ng6 12. Re1 Re8 13. Be3 a5 14. h3 b6 15. Qc2 Ba6 16. Bxa6 Rxa6 17. Rad1 Qb8 18. dxe5 dxe5 19. Bg5 Re6 20. Nf5 h6 21. Bxh6 gxh6 22. Nxh6+ Kg7 23. Nf5+ Kf8 24. Ng5 Qe8 25. Nxe6+ fxe6 26. Nd6 Qe7 27. Qd2 Kg7 28. Re3 Ra8 29. Rg3 Nh5 30. Rd3 Nf6 31. Qg5 Bxd6 32. Rxd6 Nxe4 33. Qxe7+ Nxe7 34. Rxe6 Kf7 35. Rxe5 Nf6 36. Rd6 1-0

[Event "Landesliga Sued 1920"]
[Site "Bayern"]
[Date "2020.02.09"]
[Round "6.2"]
[White "Motl, Martin"]
[Black "Ager, Josef"]
[Result "0-1"]
[WhiteElo "2156"]
[BlackElo "2142"]
[PlyCount "94"]
[EventDate "2019.09.29"]
[EventType "team-tourn"]
[EventRounds "9"]
[EventCountry "GER"]
[SourceTitle "EXT 2021"]
[Source "ChessBase"]
[SourceDate "2020.10.23"]
[SourceVersion "1"]
[SourceVersionDate "2020.10.23"]
[SourceQuality "1"]
[WhiteTeam "MSA Zugzwang II"]
[BlackTeam "Rottal Inn"]
[WhiteTeamCountry "GER"]
[BlackTeamCountry "GER"]

1. d4 g6 2. c4 Bg7 3. Nc3 d6 4. Nf3 Nf6 5. e4 0-0 6. h3 c5 7. d5 e6 8. Be2 exd5 9. exd5 Na6 10. 0-0 Nc7 11. Bf4 Bf5 12. g4 Bc8 13. Kg2 h6 14. Qd2 g5 15. Nxg5 hxg5 16. Bxg5 Nce8 17. Bd3 Qc7 18. Rae1 Kh8 19. Bb1 Ng8 20. Ne4 f6 21. Bf4 f5 22. Ng5 Bf6 23. Ne6 Bxe6 24. Rxe6 Ng7 25. Bxd6 Qd7 26. Rfe1 Nxe6 27. Rxe6 fxg4 28. Bxf8 gxh3+ 29. Kxh3 Rxf8 30. Qd3 Qg7 31. b3 Qh6+ 32. Kg2 Rf7 33. d6 Qc1 34. Re3 Bh4 35. Qc3+ Qxc3 36. Rxc3 Rxf2+ 37. Kg1 Rf4 38. Rh3 Kg7 39. Bf5 Rxf5 40. Rxh4 Nf6 41. Rh3 Rf4 42. Re3 Nd7 43. Re8 Rf7 44. Rc8 b6 45. a3 a5 46. Re8 Kg6 47. Kg2 Rf6 0-1

[Event "Arco Christmas op 10th"]
[Site "Arco"]
[Date "2019.12.30"]
[Round "7"]
[White "Migliorini, Matteo"]
[Black "Ager, Josef"]
[Result "1-0"]
[WhiteElo "2085"]
[BlackElo "2155"]
[PlyCount "73"]
[EventDate "2019.12.26"]
[EventType "swiss"]
[EventRounds "7"]
[EventCountry "ITA"]
[SourceTitle "CBM 194 Extra"]
[Source "ChessBase"]
[SourceDate "2020.03.31"]
[SourceVersion "1"]
[SourceVersionDate "2020.03.31"]
[SourceQuality "1"]

1. e4 g6 2. d4 Bg7 3. Nf3 d6 4. Nc3 a6 5. h3 b5 6. a4 b4 7. Nd5 Bb7 8. Nf4 Nf6 9. e5 dxe5 10. Nxe5 Nc6 11. Nxf7 Kxf7 12. Bc4+ e6 13. Nxe6 Re8 14. Qe2 Qc8 15. Nxc7+ Kf8 16. Nxe8 Qxe8 17. Be3 Na5 18. Ba2 Bxg2 19. Rg1 Qc6 20. Qd2 Rb8 21. d5 Bxd5 22. Bxd5 Nxd5 23. Rg5 Nxe3 24. Rxa5 Nxc2+ 25. Kd1 Nxa1 26. Qf4+ Ke7 27. Qxb8 Qc2+ 28. Ke1 Qc1+ 29. Ke2 Qxb2+ 30. Kf1 Qc1+ 31. Kg2 Qc6+ 32. Kg1 Bc3 33. Qa7+ Qd7 34. Qe3+ Kf7 35. Rxa6 Bd4 36. Qf4+ Kg7 37. Rd6 1-0

[Event "Landesliga Sued 1920"]
[Site "Bayern"]
[Date "2019.10.20"]
[Round "1.2"]
[White "Trapp, Maximilian"]
[Black "Ager, Josef"]
[Result "1-0"]
[WhiteElo "2159"]
[BlackElo "2142"]
[PlyCount "70"]
[EventDate "2019.09.29"]
[EventType "team-tourn"]
[EventRounds "9"]
[EventCountry "GER"]
[SourceTitle "EXT 2021"]
[Source "ChessBase"]
[SourceDate "2020.10.23"]
[SourceVersion "1"]
[SourceVersionDate "2020.10.23"]
[SourceQuality "1"]
[WhiteTeam "Freising"]
[BlackTeam "Rottal Inn"]
[WhiteTeamCountry "GER"]
[BlackTeamCountry "GER"]

1. d4 g6 2. Nf3 Bg7 3. Bf4 d6 4. e3 Nd7 5. h3 e5 6. Bh2 Nh6 7. Bc4 0-0 8. c3 Kh8 9. Nbd2 Qe7 10. dxe5 dxe5 11. Qc2 Nf5 12. Ne4 Nb6 13. Bb3 Nd6 14. Nxd6 cxd6 15. 0-0 Bd7 16. e4 Bc6 17. Nd2 Nd7 18. Rad1 Nc5 19. Bc4 f5 20. f3 Bh6 21. b4 Ne6 22. Bxe6 Qxe6 23. Qb3 Qxb3 24. axb3 b5 25. Rfe1 Rfc8 26. exf5 gxf5 27. Nf1 Bf8 28. Ne3 Bd7 29. Bxe5+ dxe5 30. Rxd7 Rxc3 31. Nd5 Rd3 32. Rxe5 Bxb4 33. Rxf5 Bc5+ 34. Kh2 Rf8 35. Rh5 Rxd5 1-0

[Event "Arco op 41st"]
[Site "Arco"]
[Date "2019.10.11"]
[Round "8"]
[White "Ager, Josef"]
[Black "Sarkar, Justin"]
[Result "0-1"]
[WhiteElo "2147"]
[BlackElo "2349"]
[PlyCount "37"]
[EventDate "2019.10.04"]
[EventType "swiss"]
[EventRounds "9"]
[EventCountry "ITA"]
[SourceTitle "EXT 2020"]
[Source "ChessBase"]
[SourceDate "2019.10.17"]
[SourceVersion "1"]
[SourceVersionDate "2019.10.17"]
[SourceQuality "1"]

1. c4 e5 2. Nc3 Nf6 3. g3 c6 4. d4 e4 5. Bg5 Bb4 6. Qb3 Bxc3+ 7. Qxc3 0-0 8. Bh3 h6 9. Bf4 d5 10. Bxc8 Qxc8 11. Bd6 Re8 12. h4 dxc4 13. Qxc4 Nd5 14. e3 Nd7 15. a4 a5 16. Ne2 N7f6 17. Be5 Ng4 18. Bf4 Qe6 19. Nc3 0-1

[Event "Arco op 41st"]
[Site "Arco"]
[Date "2019.10.05"]
[Round "2"]
[White "Ager, Josef"]
[Black "Jirillo, Antonio"]
[Result "1-0"]
[WhiteElo "2147"]
[BlackElo "1492"]
[PlyCount "35"]
[EventDate "2019.10.04"]
[EventType "swiss"]
[EventRounds "9"]
[EventCountry "ITA"]
[SourceTitle "EXT 2020"]
[Source "ChessBase"]
[SourceDate "2019.10.17"]
[SourceVersion "1"]
[SourceVersionDate "2019.10.17"]
[SourceQuality "1"]

1. c4 e6 2. g3 d5 3. Bg2 c6 4. Qc2 Nf6 5. Nf3 Bd6 6. d4 0-0 7. 0-0 Re8 8. Nbd2 e5 9. dxe5 Bxe5 10. Nxe5 Rxe5 11. Nf3 Re8 12. Rd1 Qe7 13. cxd5 cxd5 14. Bg5 Qxe2 15. Qxe2 Rxe2 16. Bxf6 gxf6 17. Rxd5 Rxb2 18. Rd8+ 1-0

[Event "WchT Seniors 65"]
[Site "Rhodes"]
[Date "2019.04.24"]
[Round "9.5"]
[White "Ager, Josef"]
[Black "Stokes, Michael"]
[Result "1-0"]
[WhiteElo "2122"]
[BlackElo "2092"]
[PlyCount "81"]
[EventDate "2019.04.16"]
[EventType "team-swiss"]
[EventRounds "9"]
[EventCountry "GRE"]
[SourceTitle "CBM 190 Extra"]
[Source "ChessBase"]
[SourceDate "2019.07.15"]
[SourceVersion "1"]
[SourceVersionDate "2019.07.15"]
[SourceQuality "1"]
[WhiteTeam "Austria"]
[BlackTeam "England II"]
[WhiteTeamCountry "AUT"]
[BlackTeamCountry "ENG"]

1. Nf3 Nf6 2. c4 d6 3. d4 g6 4. Nc3 Bg7 5. e4 0-0 6. Be2 e5 7. Be3 Nc6 8. 0-0 Bd7 9. d5 Ne7 10. Ne1 Ne8 11. Nd3 f5 12. a4 fxe4 13. Nxe4 Nf5 14. Bd2 Nd4 15. Re1 Qh4 16. f3 Bf6 17. Ra3 Ng7 18. Bf1 g5 19. Ndf2 Be7 20. a5 Rf7 21. b4 Raf8 22. Bc1 Bf5 23. Rc3 g4 24. g3 Qh5 25. fxg4 Bxg4 26. Qxg4 Qxg4 27. Nxg4 Nf3+ 28. Rxf3 Rxf3 29. Ne3 R3f7 30. Bh3 Kh8 31. c5 Ne8 32. Bb2 h5 33. b5 h4 34. b6 hxg3 35. hxg3 axb6 36. axb6 Bd8 37. bxc7 Nxc7 38. Nxd6 Rf3 39. Bxe5+ Kg8 40. Bg2 Rf2 41. Nxb7 1-0

[Event "WchT Seniors 65"]
[Site "Rhodes"]
[Date "2019.04.23"]
[Round "8.4"]
[White "Kivimaki, Jaakko"]
[Black "Ager, Josef"]
[Result "1/2-1/2"]
[WhiteElo "2165"]
[BlackElo "2122"]
[PlyCount "29"]
[EventDate "2019.04.16"]
[EventType "team-swiss"]
[EventRounds "9"]
[EventCountry "GRE"]
[SourceTitle "CBM 190 Extra"]
[Source "ChessBase"]
[SourceDate "2019.07.15"]
[SourceVersion "1"]
[SourceVersionDate "2019.07.15"]
[SourceQuality "1"]
[WhiteTeam "Finland III"]
[BlackTeam "Austria"]
[WhiteTeamCountry "FIN"]
[BlackTeamCountry "AUT"]

1. Nf3 Nf6 2. d4 g6 3. b4 Bg7 4. e3 d6 5. a4 0-0 6. Be2 Nbd7 7. Bb2 e5 8. c3 a5 9. b5 Re8 10. Qb3 Nb6 11. Na3 Be6 12. Qc2 Bf5 13. Qb3 Be6 14. Qc2 Bf5 15. Qb3 1/2-1/2

[Event "WchT Seniors 65"]
[Site "Rhodes"]
[Date "2019.04.19"]
[Round "4.8"]
[White "Illi, Hans Joerg"]
[Black "Ager, Josef"]
[Result "0-1"]
[WhiteElo "2002"]
[BlackElo "2122"]
[PlyCount "86"]
[EventDate "2019.04.16"]
[EventType "team-swiss"]
[EventRounds "9"]
[EventCountry "GRE"]
[SourceTitle "CBM 190 Extra"]
[Source "ChessBase"]
[SourceDate "2019.07.15"]
[SourceVersion "1"]
[SourceVersionDate "2019.07.15"]
[SourceQuality "1"]
[WhiteTeam "Switzerland"]
[BlackTeam "Austria"]
[WhiteTeamCountry "SUI"]
[BlackTeamCountry "AUT"]

1. d4 Nf6 2. Nf3 g6 3. Bg5 Bg7 4. Nbd2 d5 5. e3 0-0 6. Be2 c5 7. c3 b6 8. 0-0 Nc6 9. Qa4 Bb7 10. b4 a5 11. bxc5 bxc5 12. Rab1 Qc8 13. Rb2 Nd7 14. Rfb1 Ra7 15. Bb5 Ba8 16. Qa3 e5 17. Bxc6 Qxc6 18. Be7 Rc8 19. Nb3 cxd4 20. cxd4 e4 21. Nfd2 Qe6 22. Bc5 Nxc5 23. Nxc5 Qe8 24. Rb5 a4 25. Qb4 Bf8 26. Rb8 Kg7 27. h3 Rxb8 28. Qxb8 Qxb8 29. Rxb8 Bc6 30. Rb6 Rc7 31. Kf1 Bxc5 32. dxc5 Be8 33. f3 exf3 34. Nxf3 Rxc5 35. Nd4 Bd7 36. Ke2 Kf8 37. Kd2 Ke7 38. Ne2 h5 39. a3 h4 40. Nd4 Rc4 41. Nc2 Bf5 42. Nd4 Be4 43. Nf3 Rc2+ 0-1

[Event "WchT Seniors 65"]
[Site "Rhodes"]
[Date "2019.04.16"]
[Round "1.9"]
[White "Ager, Josef"]
[Black "Kauko, Pekka"]
[Result "1-0"]
[WhiteElo "2122"]
[BlackElo "1902"]
[PlyCount "93"]
[EventDate "2019.04.16"]
[EventType "team-swiss"]
[EventRounds "9"]
[EventCountry "GRE"]
[SourceTitle "CBM 190 Extra"]
[Source "ChessBase"]
[SourceDate "2019.07.15"]
[SourceVersion "1"]
[SourceVersionDate "2019.07.15"]
[SourceQuality "1"]
[WhiteTeam "Austria"]
[BlackTeam "Turku"]
[WhiteTeamCountry "AUT"]
[BlackTeamCountry "FIN"]

1. Nf3 d5 2. g3 c5 3. Bg2 Nf6 4. 0-0 Nc6 5. d4 e6 6. c4 a6 7. cxd5 exd5 8. Nc3 Be7 9. dxc5 Bxc5 10. Bg5 d4 11. Na4 Be7 12. Rc1 0-0 13. Nc5 h6 14. Bf4 Qb6 15. Nb3 Rd8 16. Ne5 Bd7 17. Nc4 Qb5 18. Nxd4 Nxd4 19. Qxd4 Be6 20. Qc3 Rac8 21. b3 Nd5 22. Bxd5 Qxd5 23. Nb6 Rxc3 24. Nxd5 Rxc1 25. Nxe7+ Kf8 26. Ng6+ fxg6 27. Rxc1 Rd7 28. f3 Bd5 29. h4 Bc6 30. Kf2 Kf7 31. e4 Ke6 32. Ke3 Rd8 33. g4 Rf8 34. Rd1 Rh8 35. Rd6+ Kf7 36. Be5 Rc8 37. f4 g5 38. hxg5 hxg5 39. f5 Rh8 40. Rg6 Rh1 41. Rxg7+ Kf8 42. f6 Re1+ 43. Kf2 Rd1 44. Ke3 Rd7 45. Rxg5 Kf7 46. Bd4 Ke6 47. Rh5 1-0

[Event "AUT-chT2W 1819"]
[Site "Austria"]
[Date "2019.03.10"]
[Round "11.2"]
[White "Moroder, Stefan"]
[Black "Ager, Josef"]
[Result "1-0"]
[WhiteElo "2158"]
[BlackElo "2174"]
[PlyCount "63"]
[EventDate "2018.10.12"]
[EventType "team-tourn"]
[EventRounds "11"]
[EventCountry "AUT"]
[SourceTitle "CBM 189 Extra"]
[Source "ChessBase"]
[SourceDate "2019.06.03"]
[SourceVersion "1"]
[SourceVersionDate "2019.06.03"]
[SourceQuality "1"]
[WhiteTeam "Rochade Rum"]
[BlackTeam "Ranshofen"]
[WhiteTeamCountry "AUT"]
[BlackTeamCountry "AUT"]

1. d4 Nf6 2. c4 g6 3. Nc3 d5 4. h4 c6 5. Nf3 Bg7 6. Bg5 Ne4 7. e3 Nxg5 8. hxg5 dxc4 9. Bxc4 b5 10. Bb3 a6 11. Ne4 Nd7 12. Rc1 Bb7 13. Rh4 0-0 14. Nc5 Nxc5 15. Rxc5 Qd6 16. Qc2 a5 17. a3 Ra6 18. Ne5 e6 19. Ng4 Qe7 20. g3 Bc8 21. Qe4 Bd7 22. Qh1 f5 23. gxf6 Bxf6 24. Nxf6+ Rxf6 25. Bc2 b4 26. a4 b3 27. Bd3 Rb6 28. Ke2 Be8 29. Rxa5 h5 30. g4 Rf8 31. gxh5 gxh5 32. Qg2+ 1-0

[Event "AUT-chT2W 1819"]
[Site "Austria"]
[Date "2018.12.09"]
[Round "5.3"]
[White "Ager, Josef"]
[Black "Micheli, Carlo"]
[Result "0-1"]
[WhiteElo "2174"]
[BlackElo "2211"]
[PlyCount "62"]
[EventDate "2018.10.12"]
[EventType "team-tourn"]
[EventRounds "11"]
[EventCountry "AUT"]
[SourceTitle "CBM 189 Extra"]
[Source "ChessBase"]
[SourceDate "2019.06.03"]
[SourceVersion "1"]
[SourceVersionDate "2019.06.03"]
[SourceQuality "1"]
[WhiteTeam "Ranshofen"]
[BlackTeam "Jenbach II"]
[WhiteTeamCountry "AUT"]
[BlackTeamCountry "AUT"]

1. Nf3 c5 2. c4 Nc6 3. Nc3 g6 4. d4 cxd4 5. Nxd4 Bg7 6. Nc2 d6 7. e4 Nf6 8. Be2 0-0 9. 0-0 Nd7 10. Bd2 Nc5 11. f3 a5 12. Kh1 f5 13. exf5 Bxf5 14. Ne3 Bd7 15. Re1 Nd4 16. Nc2 Nf5 17. Rb1 e6 18. Ne4 Bc6 19. Nxc5 dxc5 20. Bf4 Qf6 21. Ne3 Nd4 22. Bg3 h5 23. Nc2 h4 24. Nxd4 cxd4 25. Bd6 h3 26. gxh3 Rf7 27. Bg3 e5 28. Rf1 Qf5 29. Kg1 Bh6 30. Bd3 Be3+ 31. Kg2 e4 0-1